Karl Popper : la lección de este siglo : entrevistas con Giancarlo Bosetti y dos pláticas sobre la libertad y el Estado democrático /

Compendio que reúne dos entrevistas, efectuadas en 1991 y 1993, y dos pláticas del filosófo austríaco Karl Raimund Popper, quien expresa en ellas sus reflexiones sobre la responsabilidad de los intelectuales para con la sociedad; el papel de los medios de comunicación masiva; la libertad y el Estado...

Ամբողջական նկարագրություն

Պահպանված է:
Մատենագիտական մանրամասներ
Հիմնական հեղինակ: Popper, Karl R. (autor)
Այլ հեղինակներ: Bosetti, Giancarlo (entrevista) (entrevista)
Ձևաչափ: Գիրք
Լեզու:իսպաներեն
Շարք:(El Ojo Infalible)
Խորագրեր:
Ցուցիչներ: Ավելացրեք ցուցիչ
Չկան պիտակներ, Եղեք առաջինը, ով նշում է այս գրառումը!

MARC

LEADER 00000nam^a2200000^a^4500
001 000113054
005 20250521000000.0
009 20260310093930.449
020 |a 970-651-387-6 
037 |a Acervo ITESO - Biblioteca 
041 |a ESP 
082 |a 146. 4  |b POP 
100 |a Popper, Karl R.  |e (autor) 
245 1 0 |a Karl Popper :  |b la lección de este siglo : entrevistas con Giancarlo Bosetti y dos pláticas sobre la libertad y el Estado democrático /  |c K. Popper ; entrevistado por G. Bosetti ; tr. por Emilia Ghelfi. 
264 |a México :  |b Océano,  |c fecha no identificada 
300 |a 132 p. 
336 |a texto  |b txt  |2 rdacontenido 
337 |a sin mediación  |b n  |2 rdamedio 
338 |a volumen  |b nc  |2 rdasoporte 
440 3 |a (El Ojo Infalible) 
520 |a Compendio que reúne dos entrevistas, efectuadas en 1991 y 1993, y dos pláticas del filosófo austríaco Karl Raimund Popper, quien expresa en ellas sus reflexiones sobre la responsabilidad de los intelectuales para con la sociedad; el papel de los medios de comunicación masiva; la libertad y el Estado democrático. 
649 |a XX 
650 |a Filósofos Austríacos -  |x Entrevistas 
650 |a Intelectuales Austríacos -  |x Entrevistas 
650 |a Libertad 
650 |a Democracia 
650 |a Totalitarismo 
650 |a Intelectuales y Sociedad 
650 |a Medios de Comunicación 
650 |a Comunicación Masiva 
650 |a Filosofía Política 
650 |a Filosofía Analítica 
650 |a Filosofía del Siglo XX 
650 |a Popper, Karl R. 
700 |a Bosetti, Giancarlo  |e (entrevista) 
910 |a Fondo General 
920 |a Impresos - Libros 
930 |a Colección General 
905 |a 101 
901 |a 0500046348  |b IT1  |c ACC  |u 20250521 
902 |a https://opac.biblio.iteso.mx/vufind/Record/000113054